<?xml version="1.0" encoding="UTF-8"?>
<collection xmlns="http://www.loc.gov/MARC21/slim">
 <record>
  <leader>01767nam a22001937a 4500</leader>
  <controlfield tag="001">NCT_121317</controlfield>
  <controlfield tag="008">220309b        xxu||||| |||| 00| 0 vie d</controlfield>
  <datafield tag="999" ind1=" " ind2=" ">
   <subfield code="c">6208</subfield>
   <subfield code="d">6208</subfield>
  </datafield>
  <datafield tag="082" ind1="0" ind2="4">
   <subfield code="2">23rd ed.</subfield>
   <subfield code="a">346</subfield>
   <subfield code="b">C101V</subfield>
  </datafield>
  <datafield tag="245" ind1="0" ind2="0">
   <subfield code="a">Các văn bản pháp quy = </subfield>
   <subfield code="b">Legal documents</subfield>
   <subfield code="n">Số 42</subfield>
   <subfield code="c">Bộ công thương. Trung tâm Thông tin Công nghiệp và thương mại</subfield>
  </datafield>
  <datafield tag="260" ind1=" " ind2=" ">
   <subfield code="a">H.</subfield>
   <subfield code="b">Bộ công thương. Trung tâm Thông tin Công nghiệp và thương mại</subfield>
   <subfield code="c">2018</subfield>
  </datafield>
  <datafield tag="300" ind1=" " ind2=" ">
   <subfield code="c">29cm</subfield>
  </datafield>
  <datafield tag="310" ind1=" " ind2=" ">
   <subfield code="a">thứ tư hàng tuần</subfield>
  </datafield>
  <datafield tag="362" ind1=" " ind2=" ">
   <subfield code="a">12/2018</subfield>
  </datafield>
  <datafield tag="520" ind1="3" ind2=" ">
   <subfield code="a">Trong số này quy định về một số giải pháp cấp bách tăng cường công tác quản lý đối với hoạt động nhập khẩu và sử dụng phế liệu nhập khẩu làm nguyên liệu sản xuất; Điều chỉnh mức vay tín dụng tối đa thực hiện chiến lược quốc gia về cấp nước sạch và vệ sinh môi trường nông thôn; Ban hành quy trình giải quyết miễn thuế hàng hóa nhập khẩu theo Điều ước quốc tế, Thỏa thuận giữa chính phủ Việt Nam với các tổ chức phi Chính phủ; Công bố thủ tục hành chính được ban hành trong Thông tư số 13/2018/TT-BYT ngày 15/5/2018 của Bộ trưởng Bộ Y tế quy định về chất lượng dược liệu, thuốc cổ truyền...</subfield>
  </datafield>
  <datafield tag="655" ind1=" " ind2=" ">
   <subfield code="a">Tạp chí</subfield>
  </datafield>
  <datafield tag="942" ind1=" " ind2=" ">
   <subfield code="2">ddc</subfield>
   <subfield code="c">CR</subfield>
  </datafield>
  <datafield tag="952" ind1=" " ind2=" ">
   <subfield code="0">0</subfield>
   <subfield code="1">0</subfield>
   <subfield code="2">ddc</subfield>
   <subfield code="4">0</subfield>
   <subfield code="6">346_000000000000000_C101V</subfield>
   <subfield code="7">0</subfield>
   <subfield code="9">23728</subfield>
   <subfield code="a">000001</subfield>
   <subfield code="b">000001</subfield>
   <subfield code="d">2022-05-11</subfield>
   <subfield code="o">346 C101V</subfield>
   <subfield code="r">2022-05-11</subfield>
   <subfield code="w">2022-05-11</subfield>
   <subfield code="y">CR</subfield>
  </datafield>
  <datafield tag="980" ind1=" " ind2=" ">
   <subfield code="a">Thư viện Trường Đại học Nam Cần Thơ</subfield>
  </datafield>
 </record>
</collection>
